000 00872nam a2200277 a 4500
003 MX-MxUPN
005 20241001063947.0
008 991125s1910 sp d fr 001 0 spa d
035 _aUPN01000049353
040 _aMX-MxUPN
_bspa
_cMX-MxUPN
041 _aspa
_hfre
050 4 _aLB1065
_bR5.68
100 1 _aRibot, Th.
_d1839-1916
_953385
_q(Théodule),
245 1 0 _aPsicología de la atención
260 _aMadrid :
_bDaniel Jorro, editor,
_c1910.
300 _a205 páginas
490 0 _aBiblioteca científico-filosófica
504 _aIncluye índice.
650 4 _aAtención
_98528
650 4 _aAsociación de ideas
_98348
700 1 _951468
_aRubio, Ricardo
_etraducción
710 2 _aInstituto Nacional de Investigación Educativa (México)
_epropietario anterior
_928086
902 _bMaríaRobles/010924
905 _aLibro
942 _2lcc
_cLIBRO
_n0
999 _c49353
_d49353